| 000 | 00537nam a22001817a 4500 | ||
|---|---|---|---|
| 003 | CEME | ||
| 005 | 20210628202045.0 | ||
| 008 | 210224b xxu||||| |||| 00| 0 eng d | ||
| 020 | _a81-7649-158-6 | ||
| 040 | _c. | ||
| 082 | _a658.422 SKA | ||
| 100 |
_aSkat-Rordam, Peter _958089 |
||
| 245 | _aChangning strategic direction, practical insights into opportunity driven business development | ||
| 260 |
_aNEWDELHI _bVIVA BOOKS _c2000 |
||
| 300 | _a162P | ||
| 650 |
_aSTRATEGIC DIRECTION BUSINESS DEVELOPMENT _958090 |
||
| 942 |
_cBK _2ddc |
||
| 999 |
_c568303 _d568303 |
||